000 04751nam a22003137i 4500
001 TCPA 75
003 gtcocun
005 20250902220252.0
006 a||||gr|||| 00| 0
008 250902b2019 gt ||||| m||| 00| 0 eng d
040 _agtcocun
_bSPA
_cgtcocun
_eRDA
041 _aSPA
084 _0TCPA 75
100 _aCaal Oxom, Byron Alberto
_eAutor
245 _aInforme final del Ejercicio Profesional Supervisado, realizado en Industrias Alinmenticias HL HC, Cobán, Alta Verapaz/
_cByron Alberto, Caal Oxom
_hImpreso
264 _aCobán, Alta Verapaz:
_bUniversidad de San Carlos de Guatemala, Centro Universitario del Norte, Licenciatura en Contaduría Pública y Auditoría.
_c2019
300 _a77 p.:
_bIlustraciones, gráficas.
_c28 cm; PDF
336 _2rdacontenido
_aTexto
_btxt
337 _2rdamedio
_aComputadora
_bn
338 _2rdasoporte
_aCódigo en línea
_bcr
502 _e.
502 _aTesis de grado
_bLicenciatura en Contaduría Pública y Auditoría.
_cUniversidad de San Carlos de Guatemala, Centro Universitario del Norte, Licenciatura en Contaduría Pública y Auditoría.
_d2019
_oTCPA 75
520 _aComo formación profesional del estudiante universitario, del Centro Universitario del Norte (CUNOR), y parte del pensum de la carrera de Contaduría Pública y Auditoria, se realizó el Ejercicio Profesional Supervisado (EPS) en la empresa Industrias Alimenticias HL HC. La entidad se ubica en 2da. calle 6-00, Residenciales Imperial zona 7 de la ciudad de Cobán, del departamento de Alta Verapaz, su actividad económica principal es la captación, depuración, purificación y comercialización de agua pura, registrada ante la Superintendencia de Administración Tributaria (SAT) y en el Registro Mercantil. En el desarrollo de la fase del diagnóstico se utilizaron herramientas y técnicas que brindaron información recurrente a la entidad, en cuanto a su estructura organizacional, entendimiento de sus procesos contables, administrativos y financieros, identificando cada una de sus fortalezas, oportunidades, debilidades y amenazas. De acuerdo a los parámetros establecidos se realizó una evaluación critica de las situaciones encontradas, en la que se identificaron irregularidades en sus procesos contables y administrativos, siendo una de ellas: incertidumbre en la operación de libros contables, detectados por medio de sus estados financieros de los periodos fiscales del 2013 al 2016, las cuales presentaban alto grado de vulnerabilidad en la información financiera de la entidad. Como alternativa de solución se planteó reestructurar y actualizar sus diferentes registros contables y libros auxiliares. La siguiente problemática detectada radica en el incumplimiento a las obligaciones tributarias para los periodos fiscales 2013 al 2016, de acuerdo al análisis realizado a los diferentes impuestos afectos por el contribuyente, como también la presentación de declaración jurada mensual, trimestral y anual. Por lo que fue necesario contemplar las regulaciones establecidas en las leyes fiscales de nuestro país. Se procedió a realizar una revisión de sus procesos administrativos, determinando que existía un descontrol en la gestión de ingresos y gastos, careciendo de proyecciones en relación al costo de sus productos que elaboran, así mismo la estimación de sus ingresos. Por lo que fue necesario llevar acabo la programación de las actividades a desarrollar, con la finalidad de determinar un parámetro de los recursos que dispone la entidad y la distribución razonable de los gastos y con ello aumentar las utilidades de la entidad. Las soluciones realizadas por cada problemática detectada, fueron las siguientes: aplicación de una auditoría fiscal para los periodos 2013 al 2016, restructuración contable para los periodos 2013 al 2016 y diseño e implementación de un presupuesto maestro correspondiente al año 2018. Finalmente se elaboró el presente informe donde se dan a conocer los resultados obtenidos en el Ejercicio Profesional Supervisado (EPS), siendo estos; el grado de confianza en la información financiera a través de sus estados financieros, la correcta aplicación de las leyes tributarias y la disminución de sanciones por parte de las entidades fiscalizadoras y por último la estimación del prepuesto maestro para el periodo 2018.
650 _2LEMB
_xAuditoría fiscal
_xreestructuracion
_xpresupuesto maestro
700 _aLic. José Alfonso Barrios Figueroa
_eAsesor
856 _uhttps://drive.google.com/file/d/1x5XIqNgVaVW3khLSSuWmjA8M3Xcwu2Q4/view?usp=sharing
_yPDF
_zUn ejemplar en línea.
942 _2ddc
_cTES
_iTCPA_75
_kClasificación
_n0
_6TCPA__75
999 _c1627
_d1627